000
00295nam a22001337a 4500
999
_c
342000
_d
342000
020
_a
9788189401238
082
_a
624.1517
_b
ARO/SO
100
_a
Arora, K R
_9
131
245
_a
Surveying, Volume-1
250
_a
16
260
_a
Delhi
_b
Standard Book House
_c
2016
300
_a
690
942
_c
BK